000 00726cam a22002174a 4500
005 20250605164243.0
008 250528s ||||||||||||||||||||||||d
035 _a21408
040 _aGR-AtMCL
_bgre
_dGR-AtMCL
_eAACR2
245 1 _aΠΡΟΩΘΗΣΗ ΠΩΛΗΣΕΩΝ & DIRECT MARKETING
250 _a1
260 _c1993
300 _a238
505 0 _aΒΑΣΙΚΕΣ ΕΝΝΟΙΕΣ MARKETING ΠΡΟΩΘΗΣΗ ΠΩΛΗΣΕΩΝ DIRECT MARKETING
520 _aΒΑΣΙΚΕΣ ΕΝΝΟΙΕΣ MARKETING ΠΡΟΩΘΗΣΗ ΠΩΛΗΣΕΩΝ DIRECT MARKETING
700 1 _aΜπαρμπεροπουλος
_97452
700 1 _aΠαξιμαδης Δημητρης
_97453
942 _cBK
999 _c6471
_d6471